Statistics for World Baseball Classic (WBC) Finals and Semifinals

Click here to take the quiz!

General Stats

  • This quiz has been taken 72 times
  • The average score is 6 of 8

Answer Stats

AppearancesCountry% Correct
2USA
98%
4Japan
97%
2Dominican Republic
87%
2Puerto Rico
82%
1Venezuela
82%
1Cuba
78%
1South Korea
68%
2Netherlands
50%

Score Distribution

Percentile by Number Answered

Percent of People with Each Score

Your Score History

You have not taken this quiz